Hallazgos arqueológicos en La Jara I-II-III / (Record no. 84553)
[ view plain ]
| 000 -LEADER | |
|---|---|
| campo de control de longitud fija | 00900nam a2200205 i 4500 |
| 001 - NÚMERO DE CONTROL | |
| campo de control | 84553 |
| 003 - IDENTIFICADOR DE NÚMERO DE CONTROL | |
| campo de control | ES-MaACL |
| 005 - FECHA Y HORA DE LA ÚLTIMA TRANSACCIÓN | |
| campo de control | 20250531063029.0 |
| 007 - CAMPO FIJO DE DESCRIPCIÓN FÍSICA--INFORMACIÓN GENERAL | |
| campo de control de longitud fija | t| |
| 008 - DATOS DE LONGITUD FIJA--INFORMACIÓN GENERAL | |
| campo de control de longitud fija | 041123m19471950sp ||||1| spa d |
| 100 1# - ENTRADA PRINCIPAL--NOMBRE DE PERSONA | |
| Nombre de persona | Jiménez de Gregorio, Fernando, |
| Fechas asociadas al nombre | 1911-2012 |
| 9 (RLIN) | 66505 |
| 245 10 - MENCIÓN DEL TÍTULO | |
| Título | Hallazgos arqueológicos en La Jara I-II-III / |
| Mención de responsabilidad, etc. | por Fernando Giménez de Gregorio. |
| 260 ## - PUBLICACIÓN, DISTRIBUCIÓN, ETC. | |
| Lugar de publicación, distribución, etc. | Toledo : |
| Nombre del editor, distribuidor, etc. | [s.n., |
| Fecha de publicación, distribución, etc. | 1947-1950] |
| 300 ## - DESCRIPCIÓN FÍSICA | |
| Extensión | 5 lám. ; |
| Dimensiones | 28 cm. |
| 500 ## - NOTA GENERAL | |
| Nota general | Precede al tít.: Real Academia de Bellas Artes y Ciencias Históricas de Toledo. |
| 500 ## - NOTA GENERAL | |
| Nota general | Es separata de: Boletín de la Real Academia de Bellas Artes y Ciencias Históricas de Toledo. Año XXV, nº 61, y del Archivo Español de Arqueología núms. 78-79, 1950. |
| 710 2# - ENTRADA AGREGADA--NOMBRE DE ENTIDAD CORPORATIVA | |
| Nombre de entidad corporativa o nombre de jurisdicción como elemento de entrada | Real Academia de Bellas Artes y Ciencias Históricas de Toledo. |
| 9 (RLIN) | 6297 |
| 852 ## - LOCALIZACIÓN | |
| Ubicación | ES-MaACL |
| Número de control de estantería | 1917-F-11-13 |
| Sublocalización o colección | R.30825 |
| Estatus retirado | Estado de pérdida | Estado de daño | No para préstamo | Colección | Biblioteca de origen | Biblioteca actual | Ubicación en estantería | Fecha de adquisición | Fuente de adquisición | Total de préstamos | Signatura topográfica completa | Código de barras | Visto por última vez | Precio de reemplazo | Tipo de ítem Koha |
|---|---|---|---|---|---|---|---|---|---|---|---|---|---|---|---|
| Colección de folletos | Biblioteca del Ateneo de Madrid | Biblioteca del Ateneo de Madrid | Depósito folletos | 17/01/2008 | 1917-F-11-13 | 1088361 | 23/02/2023 | 23/02/2023 | Folleto |
